000 00509nam a2200205Ia 4500
001 14534
003 GE_BSU
008 181216s||||||||xx |||||||||||||| ||und||
020 _a0852234554
040 _cGE_BSU
080 _a641
245 _aDesserts and Puddincs. Good Housekeeping step-by-step Cookery
260 _aLondon
260 _bEbury Press
260 _c1984
300 _a160p.ill.25cm.
653 _aDesserts and Puddincs.
653 _aGood Housekeeping step-by-step Cookery
942 _cBK
999 _c47665
_d47665